| 000 | 00894nas a2200289 4500 | ||
|---|---|---|---|
| 001 | BR2019000766 | ||
| 003 | BR-BrBNA | ||
| 005 | 20231205131637.0 | ||
| 007 | ta | ||
| 008 | 230509b bl.|||p| |||| 00| 00por d | ||
| 040 |
_aBR-BrBNA _bpor _cBiblioteca Nacional de Agricultura |
||
| 041 | _a(Pt) | ||
| 072 | _aH20 | ||
| 100 | 1 | _aAlmeida, O.C. de | |
| 100 | 1 | _aAlmeida, L.C.C. de | |
| 100 | 1 | _aBezerra, J.L. | |
| 245 | 1 | _aEstudo de fungicidas à base de cobre no controle da vassoura-de-bruxa do cacaueiro no sudeste da Bahia | |
| 650 | _aCACAU | ||
| 650 | _aVASSOURA-DE-BRUXA | ||
| 650 | _aDOENÇA FÚNGICA | ||
| 650 | _aCONTROLE QUÍMICO | ||
| 650 | _aBAHIA | ||
| 773 | 0 |
_tAgrotrópica (Brazil) _xISSN 0103-3816 _g(Sep-Dec 2002), v. 14(3) p. 97-100 _wBR2019000766 |
|
| 856 | 4 | 0 | _dLink DSPACE/MAPA BR2019000766 |
| 909 |
_a202311 _bLúcia _c55 _dLúcia Elande |
||
| 942 |
_2AGRIS _n0 _cANA |
||
| 999 |
_c255887 _d255887 |
||